Los buscadores de prestigio : (Record no. 9784)

MARC details
000 -LEADER
fixed length control field 00763nam a22002177a 4500
005 - DATE AND TIME OF LATEST TRANSACTION
control field 20250213134410.0
008 - FIXED-LENGTH DATA ELEMENTS--GENERAL INFORMATION
fixed length control field 231012b ||||| |||| 00| 0 spa d
040 ## - CATALOGING SOURCE
Transcribing agency AR-FvUNAJ
082 14 - DEWEY DECIMAL CLASSIFICATION NUMBER
Edition number 14
Classification number 302
100 1# - MAIN ENTRY--PERSONAL NAME
9 (RLIN) 19244
Personal name Packard, Vance
245 14 - TITLE STATEMENT
Title Los buscadores de prestigio :
Remainder of title una exploración de la conducta de clases en Estados Unidos, y de las barreras ocultas que lo afectan a usted en su comunidad, su futuro /
Statement of responsibility, etc Vance Packed
250 ## - EDITION STATEMENT
Edition statement 2a ed.
260 ## - PUBLICATION, DISTRIBUTION, ETC. (IMPRINT)
Place of publication, distribution, etc Buenos Aires :
Name of publisher, distributor, etc Eudeba,
Date of publication, distribution, etc 1963
300 ## - PHYSICAL DESCRIPTION
Extent 392 p.
440 ## - SERIES STATEMENT/ADDED ENTRY--TITLE
9 (RLIN) 3714
Title Lectores de Eudeba
Volume number/sequential designation 16
650 17 - SUBJECT ADDED ENTRY--TOPICAL TERM
Source of heading or term unescot
9 (RLIN) 693
Topical term or geographic name as entry element SOCIOLOGIA
650 24 - SUBJECT ADDED ENTRY--TOPICAL TERM
9 (RLIN) 777
Topical term or geographic name as entry element INTERACCION SOCIAL
651 #0 - SUBJECT ADDED ENTRY--GEOGRAPHIC NAME
Geographic name ESTADOS UNIDOS
9 (RLIN) 3085
942 ## - ADDED ENTRY ELEMENTS (KOHA)
Source of classification or shelving scheme Dewey Decimal Classification
Item type Libro, folleto, traducción
980 ## - EQUIVALENCE OR CROSS-REFERENCE-SERIES STATEMENT--PERSONAL NAME/TITLE [LOCAL, CANADA]
Linkage 21567
Personal name Villalba
Field link and sequence number 19226
Miscellaneous information Palazón Marcela I.
Holdings
Withdrawn status Lost status Source of classification or shelving scheme Damaged status Not for loan Home library Current library Date acquired Source of acquisition Total Checkouts Full call number Barcode Date last seen Price effective from Koha item type
    Dewey Decimal Classification     Biblioteca Central Biblioteca Central 23/10/2023 Donación   302 PAC UNAJ23100260 17/03/2025 23/10/2023 Libro, folleto, traducción

Lunes a Viernes 8:30 a 19:00 hs. Cerrado por mudanza
Av.Calchaqui 6200 Florencio Varela (CP188) 2°piso Edificio Mosconi Aula 209-210
Mail: bibliotecacentralunaj@gmail.com  
Whatsapp(54 9)1122668024    ❔Pregunte a la bibliotecaria
© Universidad Nacional Arturo Jauretche | Secretaría Académica | Biblioteca Central UNAJ